[Event "Internationaux de France RAPIDE"]
[Site "Saint-Maur des Fosses, France"]
[Date "2024.06.15"]
[Round "9.1"]
[White "Fressinet, Laurent"]
[Black "Solodovnichenko, Yuri"]
[Result "0-1"]
[WhiteElo "2633"]
[BlackElo "2481"]
[PlyCount "91"]
[EventDate "2024.??.??"]

1. d4 {1} d5 {4} 2. Nf3 {5} e6 {14} 3. g3 {12} c6 {38} 4. Bg2 {3} Nd7 {3} 5.
O-O {21} Ngf6 {2} 6. Nbd2 {19} b6 {20} 7. e4 {90} Nxe4 {15} 8. Nxe4 {2} dxe4 {2
} 9. Ng5 {1} Nf6 {31} 10. Nxe4 {9} Nxe4 {2} 11. Bxe4 {2} Bb7 {2} 12. c3 {49}
Be7 {9} 13. Qh5 {9} Qd7 {20} 14. Re1 {34} g6 {97} 15. Qh6 {33} Bf8 {67} 16. Qh4
{14} Be7 {15} 17. Bg5 {56} h6 {23} 18. Bxe7 {23} Qxe7 {1} 19. Qf4 {17} g5 {17}
20. Qf3 {44} Qd7 {82} 21. Qf6 {49} Rg8 22. Bh7 {68} Rf8 23. Bg6 {37} Bc8 {1}
24. Be4 {63} Bb7 {23} 25. Rad1 {58} Qe7 {15} 26. Qf3 {2} Qc7 {70} 27. d5 {89}
cxd5 {1} 28. Bxd5 {2} O-O-O {3} 29. Bxb7+ {1} Qxb7 {2} 30. Qf6 Rd5 {84} 31.
Rxd5 {21} Qxd5 {1} 32. Qxh6 {2} Rd8 {6} 33. Qf6 {6} Qd2 {23} 34. Qe5 {28} Qxb2
{16} 35. Qxg5 {10} Qxa2 {12} 36. Qf6 {31} Qd2 {10} 37. Rf1 {29} Rd7 {10} 38. h4
{1} Qe2 {28} 39. Qh8+ Kb7 {4} 40. Qf6 {19} a5 {10} 41. c4 {23} Qxc4 {5} 42. h5
Qd4 {23} 43. Qg5 {13} a4 {32} 44. h6 {4} a3 {2} 45. h7 {5} a2 {2} 46. Qh4 {5}
0-1

[Event "Internationaux de France RAPIDE"]
[Site "Saint-Maur des Fosses, France"]
[Date "2024.06.15"]
[Round "9.2"]
[White "Guliyev, Namig"]
[Black "Lagarde, Maxime"]
[Result "0-1"]
[WhiteElo "2486"]
[BlackElo "2604"]
[PlyCount "71"]
[EventDate "2024.??.??"]

1. e4 {1} c5 {1} 2. Nf3 {1} Nc6 {1} 3. d4 {3} cxd4 {2} 4. Nxd4 {2} Nf6 5. Nc3 {
2} d6 {1} 6. Bg5 {6} e6 {2} 7. Qd2 {4} Be7 {2} 8. O-O-O {7} a6 {5} 9. h4 {24}
Nxd4 {95} 10. Qxd4 {2} Qc7 {4} 11. f3 {5} b5 {10} 12. Kb1 {8} Bb7 {24} 13. a3 {
81} O-O {61} 14. h5 {17} h6 {14} 15. Bh4 {17} Rfd8 {38} 16. g4 {48} Rac8 {65}
17. g5 {106} hxg5 {22} 18. Bxg5 {3} Nxe4 {90} 19. Bxe7 {359} Nxc3+ {10} 20.
Qxc3 {41} Qxe7 {2} 21. Qe3 {1} Qf6 {19} 22. Bd3 {66} Qh6 {81} 23. Qf2 {26} Rc5
{65} 24. Rdg1 {10} Rxh5 {119} 25. Rxh5 {9} Qxh5 {1} 26. f4 {51} Kf8 {38} 27. b4
{28} Qh6 {16} 28. Qb6 {21} Rd7 {3} 29. f5 {19} e5 {4} 30. a4 {2} Qd2 {36} 31.
f6 {18} Qxb4+ {7} 32. Kc1 {1} gxf6 {14} 33. axb5 {6} e4 {24} 34. Qa7 {2} exd3 {
20} 35. Qb8+ {6} Ke7 {2} 36. Rg8 {2} 0-1

[Event "Internationaux de France RAPIDE"]
[Site "Saint-Maur des Fosses, France"]
[Date "2024.06.15"]
[Round "9.3"]
[White "Materia, Marco"]
[Black "Bellahcene, Bilel"]
[Result "1-0"]
[WhiteElo "2453"]
[BlackElo "2544"]
[PlyCount "119"]
[EventDate "2024.??.??"]

1. d4 {1} Nf6 {25} 2. c4 {1} b6 3. Nc3 {3} Bb7 4. Qc2 Nc6 5. d5 {10} Nb4 {1} 6.
Qb3 {19} e6 {2} 7. a3 {63} Na6 {1} 8. e4 {3} exd5 {69} 9. exd5 {6} Bd6 {15} 10.
Nf3 {23} O-O {2} 11. Be2 {2} c6 {1} 12. dxc6 {29} dxc6 13. O-O {2} Re8 {20} 14.
Bg5 {14} Nc5 {223} 15. Qc2 {13} h6 {97} 16. Bh4 {5} Qc7 {5} 17. Bxf6 {22} gxf6
{3} 18. Rfe1 {25} Bf8 {18} 19. Bf1 {7} Qf4 {10} 20. b4 {16} Nd7 {219} 21. Rad1
{16} Ne5 {7} 22. Nxe5 {11} Rxe5 {77} 23. g3 {155} Qg4 {21} 24. Re4 {43} Qe6 {19
} 25. Bg2 {106} Rxe4 {89} 26. Nxe4 {6} f5 {5} 27. Nc3 {27} Qxc4 {4} 28. Qxf5 {
17} Bc8 {29} 29. Qe5 {25} Be6 {14} 30. Qe3 {101} Bg7 {1} 31. Ne2 {6} Bg4 {6}
32. Bf3 {3} Bxf3 {3} 33. Qxf3 Re8 {4} 34. Nf4 Qe4 {2} 35. Qxe4 {10} Rxe4 36.
Rd8+ {1} Bf8 {7} 37. Kf1 {62} a5 {5} 38. Rc8 {51} axb4 {2} 39. axb4 Rxb4 {4}
40. Rxc6 {1} Rb1+ {3} 41. Ke2 {2} Rb2+ 42. Kf3 {3} Bc5 {2} 43. Nd3 {2} Rb3 {1}
44. Ke2 {2} Bd4 {3} 45. Rxh6 {3} b5 {4} 46. Rd6 {3} Bc3 {2} 47. h4 {7} b4 48.
Rb6 {5} Rb1 {1} 49. Nc5 {12} Kg7 {6} 50. Ne4 {5} Bd4 {9} 51. Rd6 Be5 52. Rd5 {1
} Ba1 {3} 53. Rb5 {7} Bd4 {3} 54. Kd3 {3} Rd1+ {7} 55. Kc4 {3} Ba7 {6} 56. Kb3
{25} Rb1+ {3} 57. Kc2 Re1 {1} 58. Rxb4 {6} Bxf2 59. Kd2 {1} Rf1 {8} 60. Ke2 {1}
1-0

[Event "Internationaux de France RAPIDE"]
[Site "Saint-Maur des Fosses, France"]
[Date "2024.06.15"]
[Round "9.4"]
[White "Boyer, Mahel"]
[Black "Moussard, Jules"]
[Result "1/2-1/2"]
[WhiteElo "2455"]
[BlackElo "2610"]
[PlyCount "150"]
[EventDate "2024.??.??"]

1. Nf3 Nf6 {13} 2. e3 {10} g6 {10} 3. d4 {2} Bg7 {1} 4. c4 {2} O-O {3} 5. Nc3 {
2} d6 {2} 6. Be2 {20} a5 {11} 7. O-O {6} Nbd7 {2} 8. Qc2 {75} e5 {7} 9. Rd1 {41
} Re8 {2} 10. dxe5 {13} dxe5 {6} 11. e4 {3} c6 {10} 12. Na4 {17} Qe7 {26} 13.
c5 {61} Bf8 {2} 14. Be3 {1} Ng4 {10} 15. Bg5 {1} f6 {6} 16. Bd2 {108} Nxc5 {31}
17. Nb6 {7} Ra7 {22} 18. h3 {6} Nh6 {2} 19. Be3 {15} Be6 {27} 20. Rac1 {46} Na6
{2} 21. a3 {31} Nf7 {94} 22. Nc8 {45} Rxc8 {4} 23. Bxa7 {1} b5 {16} 24. Be3 {27
} a4 25. Qc3 {3} Nd6 {29} 26. Qa5 {14} Qb7 {5} 27. Nd2 {37} c5 {10} 28. Nb1 {50
} c4 {197} 29. Nc3 {7} Nc7 {47} 30. Bf3 {135} Nde8 {25} 31. Qb6 {27} Qxb6 {5}
32. Bxb6 h5 {16} 33. Rc2 {6} Kf7 {6} 34. Rcd2 {5} Be7 {2} 35. Ba5 {19} Na6 {94}
36. Nd5 {20} Bc5 {44} 37. Nb6 {18} Rc6 {6} 38. Nd5 {14} Nd6 {51} 39. Bc3 {25}
Nb7 {16} 40. g4 {6} hxg4 {7} 41. Bxg4 {4} Nd6 {24} 42. Re2 {41} Ne8 {72} 43.
Kg2 {2} Bf8 {31} 44. f4 {22} Bxg4 {5} 45. hxg4 {1} exf4 {2} 46. Nxf4 {3} Nc5 {9
} 47. Rd8 {7} Be7 {5} 48. Rb8 {1} Bd6 {1} 49. Rxe8 {16} Kxe8 {6} 50. Nxg6 {4}
Kf7 {3} 51. Nh4 {3} Be5 {2} 52. Nf5 {14} Nd3 {1} 53. Kf3 {9} Rc8 {9} 54. Rd2 {9
} Rh8 55. Bxe5 {5} fxe5 {4} 56. g5 {3} Rh1 {7} 57. Nd6+ {2} Kg6 58. Nxb5 {1}
Rb1 {14} 59. Nc3 {1} Rh1 {5} 60. Nxa4 {3} Rh3+ 61. Ke2 {1} Kxg5 {1} 62. Nb6 {2}
Nf4+ {6} 63. Kd1 c3 {1} 64. bxc3 {4} Rxc3 65. a4 {3} Ra3 {3} 66. Kc2 {12} Ra2+
67. Kc1 {4} Ne2+ {2} 68. Kd1 Nc3+ 69. Kc1 {2} Ne2+ {6} 70. Kd1 {2} Nc3+ {2} 71.
Kc1 {3} Ne2+ {6} 72. Kd1 {2} Nc3+ 73. Kc1 Ne2+ {8} 74. Kd1 {1} Nc3+ 75. Kc1
Ne2+ {2} 1/2-1/2

[Event "Internationaux de France RAPIDE"]
[Site "Saint-Maur des Fosses, France"]
[Date "2024.06.15"]
[Round "9.5"]
[White "Velten, Paul"]
[Black "Relange, Eloi"]
[Result "1-0"]
[WhiteElo "2504"]
[BlackElo "2442"]
[PlyCount "92"]
[EventDate "2024.??.??"]

1. d4 {2} d6 {10} 2. Nf3 {16} Nf6 {2} 3. c4 {5} g6 {2} 4. Nc3 {3} Bg7 {2} 5.
Bg5 {6} O-O {16} 6. e3 {3} h6 {48} 7. Bh4 {3} g5 {12} 8. Bg3 {2} Nh5 {3} 9. e4
{206} e6 {44} 10. Ng1 {76} Nxg3 {10} 11. hxg3 {2} c5 {23} 12. d5 {10} exd5 {41}
13. exd5 {1} Re8+ {14} 14. Be2 {1} b5 {146} 15. cxb5 {8} a6 {4} 16. a4 {12} Qa5
{34} 17. Kf1 {39} axb5 {40} 18. Bxb5 {3} Ba6 {9} 19. Nge2 {34} Re7 {104} 20. g4
{13} Nd7 {29} 21. Kg1 {39} Bxb5 {4} 22. Nxb5 {6} Qb4 {54} 23. Ng3 {44} Rae8 {69
} 24. Kh2 {45} Qxb2 {23} 25. Nxd6 {25} Qxf2 {210} 26. Rf1 {1} Qd4 {13} 27. Nxe8
{8} Rxe8 {4} 28. Qxd4 {7} Bxd4 {2} 29. Rae1 {9} Ra8 {5} 30. Nf5 {2} Be5+ {9}
31. Kh1 {17} Kh7 {1} 32. Ne7 {19} Kg7 {1} 33. Nc6 {4} Bf4 {3} 34. a5 {22} c4 {5
} 35. Rf3 {18} c3 {7} 36. Rxc3 {43} Bd2 {1} 37. Rec1 {8} Bxc1 {2} 38. Rxc1 Ra6
{8} 39. Ra1 {60} Nf6 {3} 40. Nb4 {4} Ra8 41. a6 {8} Kf8 42. a7 {31} Ke7 {1} 43.
Ra6 {22} Nxg4 {9} 44. Rb6 {13} Kd7 45. Nc6 {1} Re8 {7} 46. Nb8+ {16} Kc7 {6}
1-0

[Event "Internationaux de France RAPIDE"]
[Site "Saint-Maur des Fosses, France"]
[Date "2024.06.15"]
[Round "9.6"]
[White "Droin, Augustin"]
[Black "Charmeteau, Sven"]
[Result "1-0"]
[WhiteElo "2480"]
[BlackElo "2259"]
[PlyCount "105"]
[EventDate "2024.??.??"]

1. e4 {31} c5 {1} 2. Nf3 {2} d6 3. d4 cxd4 {1} 4. Nxd4 {2} Nf6 5. Bb5+ {1} Nbd7
{16} 6. O-O {2} e6 {40} 7. Re1 {9} Be7 {5} 8. Bf1 {14} O-O {14} 9. c4 {1} Qc7 {
50} 10. Nc3 {22} a6 {1} 11. Be3 {1} b6 {132} 12. Rc1 {12} Bb7 {1} 13. f3 {1}
Rac8 {7} 14. Kh1 {25} Qb8 {20} 15. Bg1 {2} Rfd8 {16} 16. b3 {14} Bf8 {3} 17.
Qd2 {117} g6 {70} 18. Qe3 {68} h5 {83} 19. Bd3 {17} Re8 {41} 20. Bb1 {16} Ne5 {
70} 21. h3 {50} h4 {175} 22. Bf2 {39} Be7 {26} 23. f4 {25} Ned7 {4} 24. Nf3 {98
} b5 {36} 25. cxb5 {8} axb5 26. Bxh4 {14} b4 {6} 27. Ne2 {19} e5 {98} 28. Rxc8
{18} Qxc8 {23} 29. f5 {2} Kg7 {4} 30. Ng3 {29} Qc5 {29} 31. Qd2 {46} Qc3 {13}
32. fxg6 {14} fxg6 {2} 33. Qg5 {88} Kh7 {2} 34. Rc1 {16} Qb2 35. Qe3 {11} Nc5 {
7} 36. Qe1 {33} Kg7 {5} 37. Nd2 {13} Qa3 {3} 38. Nc4 {3} Qa8 {1} 39. Bxf6+ {4}
Kxf6 {2} 40. Qxb4 {3} Nxe4 {4} 41. Bxe4 {31} Bxe4 42. Nxd6 {12} Bxg2+ 43. Kh2 {
1} Rd8 44. Nde4+ {7} Bxe4 {1} 45. Nxe4+ {3} Ke6 {12} 46. Qb6+ {5} Kf7 {3} 47.
Rf1+ Kg7 48. Qe6 {11} Qxa2+ {6} 49. Rf2 {5} Qa3 {2} 50. Rf7+ {36} Kh6 51. Qxe7
{1} Qa2+ {7} 52. Rf2 {3} Qa8 {2} 53. Nf6 {11} 1-0

[Event "Internationaux de France RAPIDE"]
[Site "Saint-Maur des Fosses, France"]
[Date "2024.06.15"]
[Round "9.7"]
[White "Gryshko, Vitalii"]
[Black "David, Alberto"]
[Result "0-1"]
[WhiteElo "2197"]
[BlackElo "2502"]
[PlyCount "76"]
[EventDate "2024.??.??"]

1. e4 c5 2. Nf3 {1} e6 3. c3 {2} Nf6 {4} 4. Bd3 {3} d5 {24} 5. e5 {2} Nfd7 {17}
6. O-O {9} c4 {6} 7. Bc2 {9} Nc6 8. Qe2 {23} g5 {34} 9. b3 {35} g4 {24} 10. Nd4
{15} Ncxe5 {8} 11. bxc4 {6} dxc4 {6} 12. Na3 {3} Qc7 {97} 13. f4 {219} gxf3 {3}
14. Nxf3 a6 {9} 15. Ng5 {50} Be7 {111} 16. Qh5 {61} Qc5+ {12} 17. Kh1 {17} Ng6
{16} 18. d4 {36} cxd3 {3} 19. Bxd3 {2} Qxc3 {164} 20. Qe2 {253} Nge5 {252} 21.
Nxf7 {102} Rf8 {1} 22. Bxh7 {57} Qxa1 {45} 23. Bf4 {34} Qxf1+ {27} 24. Qxf1
Rxf7 {1} 25. Bc2 {10} Bxa3 {6} 26. g3 {4} Nf8 {55} 27. Qb1 {13} Nc6 {33} 28. h4
{8} e5 {11} 29. Bg5 {4} Be6 {1} 30. Be4 {2} Rc8 {8} 31. h5 {3} Nd4 {1} 32. Bg6
{5} Nxg6 {5} 33. Qxg6 {5} Kd7 {3} 34. Qe4 {2} Kd6 {4} 35. Qd3 {1} Bd5+ {2} 36.
Kg1 {1} Bc5 {3} 37. Qg6+ {2} Ne6+ {3} 38. Kh2 Rg7 {6} 0-1

[Event "Internationaux de France RAPIDE"]
[Site "Saint-Maur des Fosses, France"]
[Date "2024.06.15"]
[Round "9.8"]
[White "Yuffa, Daniil"]
[Black "Leconte, Maria"]
[Result "1-0"]
[WhiteElo "2609"]
[BlackElo "2163"]
[PlyCount "43"]
[EventDate "2024.??.??"]

1. d4 {2} Nf6 {8} 2. c4 {2} e6 {1} 3. g3 {3} Bb4+ {25} 4. Bd2 {2} Qe7 {10} 5.
Bg2 {1} Bxd2+ {15} 6. Qxd2 {2} d6 {2} 7. e3 {2} O-O {4} 8. Ne2 {2} e5 {29} 9.
Nbc3 {5} Re8 {20} 10. O-O {19} Nbd7 {32} 11. h3 {15} c6 {74} 12. b3 {53} e4 {13
} 13. g4 {14} h6 {30} 14. Ng3 {38} d5 {3} 15. cxd5 {98} cxd5 {2} 16. f3 {5} Qd6
{287} 17. Nf5 {15} Qb6 {41} 18. fxe4 {19} Nxe4 {35} 19. Bxe4 {41} dxe4 {2} 20.
Qf2 {174} Qg6 21. Nd5 {5} Kf8 {29} 22. Nh4 {27} 1-0